000 00536 a2200181 4500
003 OSt
005 20231202102838.0
008 231202b |||||||| |||| 00| 0 eng d
020 _a9789390234011
040 _coclc
082 _a894.8123
_bROS/G
100 _aRose, Maria
_98262
245 _aGrandhakarante Maranavum Mattu Bheethikathakalum /
_cMariya Rose
250 _a1st ed.
260 _aKozhikode:
_bMathrubhumi Books,
_c2020.
300 _a120p.
942 _2ddc
_cBK
_h894.8123
_iROS/G
_k894.8123
_mROS/G
999 _c43924
_d43924